Statistics for Ouat quiz

Click here to take the quiz!

General Stats

  • This quiz has been taken 129 times
  • The average score is 8 of 15

Answer Stats

HintAnswer% Correct
SaviorEmma
100%
Evil QueenRegina
99%
Dark OneRumple
94%
AuthorHenry
92%
Sister of aboveZelena
82%
Mother of #3Cora
69%
Wife of #5Belle
68%
WolfyRuby
67%
Father of #1Prince Charming
58%
Mother of #1Snow White
57%
Mother of AboveMilah
39%
Brother of AboveLiam Jones
18%
Son of aboveBaelfire/Neal
2%
PirateKillian Jones/Hook
2%
Father of #5Malcom/Peter Pan
2%

Score Distribution

Percentile by Number Answered

Percent of People with Each Score

Your Score History

You have not taken this quiz